<?xml version="1.0" encoding="UTF-8"?>
<record
    xmlns:xsi="http://www.w3.org/2001/XMLSchema-instance"
    xsi:schemaLocation="http://www.loc.gov/MARC21/slim http://www.loc.gov/standards/marcxml/schema/MARC21slim.xsd"
    xmlns="http://www.loc.gov/MARC21/slim">

  <leader>00777nam a2200229Ia 4500</leader>
  <controlfield tag="003">OSt</controlfield>
  <controlfield tag="005">20240415152806.0</controlfield>
  <controlfield tag="008">210210b2018   xxu||||| |||| 00| 0 eng d</controlfield>
  <datafield tag="020" ind1=" " ind2=" ">
    <subfield code="a">8126406208</subfield>
  </datafield>
  <datafield tag="040" ind1=" " ind2=" ">
    <subfield code="c">AL</subfield>
  </datafield>
  <datafield tag="041" ind1=" " ind2=" ">
    <subfield code="a">Malayalam</subfield>
  </datafield>
  <datafield tag="082" ind1=" " ind2=" ">
    <subfield code="a">894.8121 </subfield>
    <subfield code="2">23</subfield>
    <subfield code="b">MENA</subfield>
  </datafield>
  <datafield tag="100" ind1=" " ind2=" ">
    <subfield code="a">Vallathol Narayana Menon</subfield>
    <subfield code="9">58199</subfield>
    <subfield code="d">&#xD35;&#xD33;&#xD4D;&#xD33;&#xD24;&#xD4D;&#xD24;&#xD4B;&#xD7E; &#xD28;&#xD3E;&#xD30;&#xD3E;&#xD2F;&#xD23; &#xD2E;&#xD47;&#xD28;&#xD4B;&#xD7B;</subfield>
  </datafield>
  <datafield tag="245" ind1=" " ind2=" ">
    <subfield code="a">Achanum makalum</subfield>
    <subfield code="b">&#xD05;&#xD1A;&#xD4D;&#xD1B;&#xD28;&#xD41;&#xD02; &#xD2E;&#xD15;&#xD3E;&#xD32;&#xD02; </subfield>
  </datafield>
  <datafield tag="260" ind1=" " ind2=" ">
    <subfield code="a">Kottyam</subfield>
    <subfield code="b">D C Books</subfield>
    <subfield code="c">2018</subfield>
  </datafield>
  <datafield tag="300" ind1=" " ind2=" ">
    <subfield code="a">30p.</subfield>
    <subfield code="b">PB</subfield>
    <subfield code="c">21x14cm.</subfield>
  </datafield>
  <datafield tag="650" ind1=" " ind2=" ">
    <subfield code="a">Malayalam Poem</subfield>
    <subfield code="9">58525</subfield>
  </datafield>
  <datafield tag="690" ind1=" " ind2=" ">
    <subfield code="a">Malayalam: &#xD2E;&#xD32;&#xD2F;&#xD3E;&#xD33;&#xD02; </subfield>
    <subfield code="9">58200</subfield>
  </datafield>
  <datafield tag="700" ind1=" " ind2=" ">
    <subfield code="a">MENON (Vallathol Narayana): &#xD2E;&#xD47;&#xD28;&#xD4B;&#xD7B; (&#xD35;&#xD33;&#xD4D;&#xD33;&#xD24;&#xD4D;&#xD24;&#xD4B;&#xD7E; &#xD28;&#xD3E;&#xD30;&#xD3E;&#xD2F;&#xD23;)</subfield>
    <subfield code="9">58491</subfield>
  </datafield>
  <datafield tag="906" ind1=" " ind2=" ">
    <subfield code="a">072398</subfield>
  </datafield>
  <datafield tag="942" ind1=" " ind2=" ">
    <subfield code="2">ddc</subfield>
    <subfield code="c">BK</subfield>
  </datafield>
  <datafield tag="999" ind1=" " ind2=" ">
    <subfield code="c">122347</subfield>
    <subfield code="d">122347</subfield>
  </datafield>
  <datafield tag="952" ind1=" " ind2=" ">
    <subfield code="0">0</subfield>
    <subfield code="1">0</subfield>
    <subfield code="4">0</subfield>
    <subfield code="7">0</subfield>
    <subfield code="8">Malyalam</subfield>
    <subfield code="a">AL</subfield>
    <subfield code="b">AL</subfield>
    <subfield code="c">Malyalam</subfield>
    <subfield code="d">2021-02-17</subfield>
    <subfield code="e">Biblios Book Point, Surathkal-575014</subfield>
    <subfield code="g">30.00</subfield>
    <subfield code="l">1</subfield>
    <subfield code="o">894.8121 MENA</subfield>
    <subfield code="p">072398</subfield>
    <subfield code="r">2024-10-15 00:00:00</subfield>
    <subfield code="s">2024-10-08</subfield>
    <subfield code="w">2021-02-17</subfield>
    <subfield code="y">BK</subfield>
  </datafield>
  <datafield tag="952" ind1=" " ind2=" ">
    <subfield code="0">0</subfield>
    <subfield code="1">0</subfield>
    <subfield code="2">ddc</subfield>
    <subfield code="4">0</subfield>
    <subfield code="7">0</subfield>
    <subfield code="8">OTH</subfield>
    <subfield code="a">AL</subfield>
    <subfield code="b">AL</subfield>
    <subfield code="d">2022-09-21</subfield>
    <subfield code="e">DC Books</subfield>
    <subfield code="g">32.00</subfield>
    <subfield code="l">1</subfield>
    <subfield code="o">894.8121 MENA</subfield>
    <subfield code="p">076097</subfield>
    <subfield code="r">2025-02-24 00:00:00</subfield>
    <subfield code="s">2025-02-14</subfield>
    <subfield code="v">40.00</subfield>
    <subfield code="w">2022-09-26</subfield>
    <subfield code="y">BK</subfield>
  </datafield>
</record>
